Cuando ellas deciden marcharse : significación de la separación conyugal en un grupo de mujeres, madres, profesionales y trabajadoras de la ciudad de Cali /

Bibliographic Details
Main Authors: Delgado Polanco, Luz Angélica (Author), Orejuela Gómez, Johnny Javier (Author), Lasso Toro, Patricia (Author)
Format: Electronic eBook
Language:Spanish
Published: [Cali], Colombia, Sur América : Editorial Bonaventuriana, [2016]
Series:Colección Psicología.
Subjects:
Online Access:Digitalia Hispánica

MARC

LEADER 00000nam a2200000Ii 4500
001 DIGEDBONAV0226
003 NyNyDIG
008 230615s2016 ck a ob 000 0 spa d
006 m o d
007 cr |||||||||||
035 |a (OCoLC)1386279125 
040 |a DGITA  |b eng  |e rda  |e pn  |c DGITA 
020 |z 9789588785929 
043 |a s-ck--- 
050 1 4 |a HQ867.Z8 ebook 
100 1 |a Delgado Polanco, Luz Angélica,  |e author. 
245 1 0 |a Cuando ellas deciden marcharse :  |b significación de la separación conyugal en un grupo de mujeres, madres, profesionales y trabajadoras de la ciudad de Cali /  |c Luz Angélica Delgado Polanco, Johnny Javier Orejuela Gómez, Patricia Lasso Toro. 
264 1 |a [Cali], Colombia, Sur América :  |b Editorial Bonaventuriana,  |c [2016] 
300 |a 1 online resource :  |b illustrations. 
336 |a text  |b txt  |2 rdacontent 
337 |a computer  |b c  |2 rdamedia 
338 |a online resource  |b cr  |2 rdacarrier 
347 |a text file  |2 rdaft 
347 |b PDF 
504 |a Includes bibliographical references. 
588 0 |a Online resource; title from PDF title page (Digitalia, viewed June 15, 2023) 
650 0 |a Divorced women  |z Colombia  |z Cali. 
651 0 |a Cali (Colombia)  |x Social conditions  |y 21st century.  
700 1 |a Orejuela Gómez, Johnny Javier,  |e author. 
700 1 |a Lasso Toro, Patricia,  |e author. 
791 2 |a Digitalia (Firm),  |e distributor. 
793 0 |g Digitalia eBook Collection:  |a Editorial Bonaventuriana  
776 0 8 |i Print version:  |a Delgado Polanco, Luz Angélica.  |t Cuando ellas deciden marcharse.  |d [Cali], Colombia, Sur América : Editorial Bonaventuriana, 2016  |z 9789588785929 
830 0 |a Colección Psicología. 
856 4 0 |3 Digitalia Hispánica  |u https://www.digitaliapublishing.com/a/125155/ 
910 |a Premium collection: 2023